00431nam a2200157Ia 4500008004100000040001900041041001200060082004000072100001300112245003100125250001100156300002200167504005100189650001500240850001800255131103s9999 xx 000 0 und d aLoreto College aEnglish a150/GLEbLCLIB/PsySemLib/Xeroxed141 aGleitman aBasic PsychologycGleitman a4th ed axxxi,743p c 24cm aIncludes bibliographical references and index aPsychology aLCLIB/150/GLE